U.S. State by Musical Artist - Statistics

General Stats
  • This quiz has been taken 23 times
  • The average score is 42 of 50
Answer Stats
Hint Answer % Correct
Madonna Michigan
95%
Elvis Presley Mississippi
95%
Tina Turner Tennessee
95%
Portugal. The Man Alaska
91%
The Eagles California
91%
Kanye West Georgia
91%
Bruno Mars Hawaii
91%
Chicago (thinking caps on!) Illinois
91%
Prince Minnesota
91%
Taylor Swift Pennsylvania
91%
Johnny Cash Arkansas
86%
The Fray Colorado
86%
Backstreet Boys Florida
86%
Michael Jackson Indiana
86%
Kansas (thinking caps on!) Kansas
86%
The Killers Nevada
86%
John Denver New Mexico
86%
Mariah Carey New York
86%
Randy Travis North Carolina
86%
Garth Brooks Oklahoma
86%
Hootie and the Blowfish South Carolina
86%
Dave Matthews Band Virginia
86%
Linda Ronstadt Arizona
82%
Paul Revere and the Raiders Idaho
82%
Howie Day Maine
82%
James Taylor Massachusetts
82%
Eminem Missouri
82%
Aerosmith New Hampshire
82%
Whitney Houston New Jersey
82%
Wiz Khalifa North Dakota
82%
Rascal Flatts Ohio
82%
George Strait Texas
82%
Kenny G Washington
82%
Brad Paisley West Virginia
82%
Lionel Ritchie Alabama
77%
Michael Bolton Connecticut
77%
George Thorogood Delaware
77%
Andy Williams Iowa
77%
Dwight Yoakam Kentucky
77%
Lil Wayne Louisiana
77%
Toni Braxton Maryland
77%
Nicolette Larson Montana
77%
Everclear Oregon
77%
Shawn Colvin South Dakota
77%
Jewel Utah
77%
Spencer Bohren Wyoming
77%
Mannheim Steamroller Nebraska
73%
Billy Gilman Rhode Island
73%
Phish Vermont
73%
Steve Miller Wisconsin
73%
No matching quizzes found
Score Distribution
Percent of People with Each Score
Percentile by Number Answered
Your Score History
You have not taken this quiz